000 00719nam a2200193 a 4500
008 060316s1974 ||||||||||||||||| || u
020 _a0807607304
020 _a0807607312
050 _aNA 710.5.E25 Kid
100 _aKidney, Walter C
245 1 4 _aThe architecture of choice: eclecticism in America, 1880-1930
260 _aNew York :
_bGeorge Braziller, Inc
_c1974
300 _aviii, 178 p. illus.
350 _a0.00
500 _aIncludes bibliographical references.
650 _aTEXTBOOKS
650 _aECLECTICISM IN ARCHITECTURE--UNITED STATES
995 _D0.00
_FCBU-MAIN LIBRARY (Kitwe)
_H1
_I40.00
_M1
_UAVAILABLE
_ZMain Library Open Access Collection
999 _c34788
_d34788